[Event "2. Bundesliga Mitte 2005/2006"]
[Site "?"]
[Date "2006.03.04"]
[Round "8.5"]
[White "Krebs, Johann"]
[Black "Kranzl, Peter"]
[Result "1/2-1/2"]
[WhiteElo "2239"]
[BlackElo "2252"]
[PlyCount "30"]
[EventDate "2006.03.04"]
[SourceDate "2006.03.04"]

1. Nf3 Nf6 2. c4 g6 3. Nc3 Bg7 4. d4 O-O 5. e4 d6 6. Be2 e5 7. O-O exd4 8. Nxd4
Re8 9. f3 Nc6 10. Be3 Nh5 11. Qd2 Nf4 12. Rfd1 Nxd4 13. Bxd4 Qg5 14. Bf1 Bxd4+
15. Qxd4 Be6 1/2-1/2

[Event "2. Bundesliga Mitte 2005/2006"]
[Site "?"]
[Date "2006.03.04"]
[Round "8.5"]
[White "Stadler, Peter"]
[Black "Steiner, Stefan"]
[Result "0-1"]
[WhiteElo "2197"]
[BlackElo "2197"]
[PlyCount "106"]
[EventDate "2006.03.04"]
[SourceDate "2006.03.04"]

1. d4 Nf6 2. Nf3 e6 3. g3 b6 4. Bg2 Bb7 5. O-O c5 6. c4 cxd4 7. Qxd4 d6 8. Nc3
a6 9. b3 Nbd7 10. Bb2 Qc7 11. Rac1 Be7 12. e4 O-O 13. h3 Rac8 14. Qe3 Qb8 15.
Qe2 Rfd8 16. Nd2 Qa8 17. f4 Bf8 18. g4 g6 19. Bf3 Ne8 20. g5 Nc7 21. Rcd1 Bg7
22. e5 dxe5 23. Bxb7 Qxb7 24. Nde4 Ne8 25. Nd6 Nxd6 26. Rxd6 Qc7 27. Ne4 Nc5
28. fxe5 Nxe4 29. Rxd8+ Qxd8 30. Qxe4 Qxg5+ 31. Kh1 Qe7 32. Bd4 Qc7 33. Qf4 Bf8
34. h4 Bc5 35. Bxc5 bxc5 36. h5 Qe7 37. hxg6 hxg6 38. Rf3 Kg7 39. Rh3 g5 40.
Rg3 Rh8+ 41. Kg1 Kf8 42. Rxg5 Qxg5+ 43. Qxg5 Rg8 44. Qxg8+ Kxg8 45. Kf2 f5 46.
exf6 Kf7 47. Kf3 Kxf6 48. Ke4 a5 49. a3 e5 50. b4 axb4 51. axb4 cxb4 52. c5 b3
53. Kd3 e4+ 0-1

[Event "2. Bundesliga Mitte 2005/2006"]
[Site "?"]
[Date "2006.03.04"]
[Round "8.6"]
[White "Vajda, Levente"]
[Black "Uhlmann, Wolfgang"]
[Result "1-0"]
[WhiteElo "2547"]
[BlackElo "2420"]
[PlyCount "53"]
[EventDate "2006.03.04"]
[SourceDate "2006.03.04"]

1. e4 e6 2. d4 d5 3. Nd2 c5 4. Ngf3 Nc6 5. c3 cxd4 6. cxd4 Be7 7. Bd3 dxe4 8.
Nxe4 Nf6 9. a3 O-O 10. Be3 b6 11. Qc2 Bb7 12. Nxf6+ Bxf6 13. Bxh7+ Kh8 14. Be4
Rc8 15. Qe2 Na5 16. Bxb7 Nxb7 17. O-O Nd6 18. Rad1 Nf5 19. g4 Nxe3 20. fxe3 Qd5
21. e4 Qc4 22. Qxc4 Rxc4 23. g5 Be7 24. Ne5 Rc2 25. Nxf7+ Kg8 26. g6 Rxb2 27.
Rd3 1-0

[Event "2. Bundesliga Mitte 2005/2006"]
[Site "?"]
[Date "2006.03.04"]
[Round "8.6"]
[White "Baumgartner, H."]
[Black "Vajda, A."]
[Result "0-1"]
[WhiteElo "2292"]
[BlackElo "2421"]
[PlyCount "148"]
[EventDate "2006.03.04"]
[SourceDate "2006.03.04"]

1. Nf3 Nf6 2. g3 d5 3. Bg2 c6 4. O-O Bf5 5. d3 h6 6. c4 e6 7. Be3 dxc4 8. dxc4
Nbd7 9. Nc3 Qc7 10. Qc1 Be7 11. h3 O-O 12. Rd1 Rfd8 13. g4 Bg6 14. Bf4 Qa5 15.
a3 Qa6 16. b3 Rac8 17. Nd2 b5 18. Qb2 bxc4 19. Nxc4 Nd5 20. Bd2 N5b6 21. Nxb6
axb6 22. Be1 Bf6 23. Rac1 h5 24. f4 hxg4 25. hxg4 Be7 26. b4 Nf6 27. Rxd8+ Rxd8
28. Bf3 Bd6 29. Rd1 Qc8 30. e3 c5 31. Nb5 Bf8 32. Na7 Qc7 33. Nb5 Qb8 34. Nc3
cxb4 35. axb4 Rxd1 36. Nxd1 Qd6 37. Qd2 Qc7 38. Nf2 Bd6 39. Qc3 Qb8 40. Bd2 Ne8
41. Qc6 Kf8 42. Ne4 Bxe4 43. Qxe4 Qd8 44. g5 Bxf4 45. exf4 Qxd2 46. g6 fxg6 47.
Qxe6 Qxb4 48. Bc6 Qc5+ 49. Kg2 Nf6 50. Kg3 Qf5 51. Qd6+ Kg8 52. Bf3 b5 53. Kf2
Kh7 54. Qd4 Qc2+ 55. Ke1 Qb1+ 56. Kd2 Qa2+ 57. Ke1 Qe6+ 58. Kf2 Ng4+ 59. Kg3
Ne3 60. Qc5 Nf5+ 61. Kf2 Qa2+ 62. Be2 Qd2 63. Qxb5 Qxf4+ 64. Ke1 Qc1+ 65. Kf2
Qe3+ 66. Kf1 Ng3+ 67. Ke1 Qxe2+ 68. Qxe2 Nxe2 69. Kxe2 Kh6 70. Kf3 Kg5 71. Kg3
Kf5 72. Kf3 g5 73. Kg3 g4 74. Kg2 Kf4 0-1

[Event "2. Bundesliga Mitte 2005/2006"]
[Site "?"]
[Date "2006.03.04"]
[Round "8.6"]
[White "Schachinger, Mario"]
[Black "Rolletschek, Heinrich"]
[Result "1/2-1/2"]
[WhiteElo "2232"]
[BlackElo "2233"]
[PlyCount "129"]
[EventDate "2006.03.04"]
[SourceDate "2006.03.04"]

1. e4 e5 2. f4 Nf6 3. fxe5 Nxe4 4. Nf3 Be7 5. d4 d5 6. Bd3 O-O 7. O-O f5 8. c4
Be6 9. Qb3 Nc6 10. cxd5 Bxd5 11. Bc4 Nb4 12. Nc3 c6 13. Bxd5+ Nxd5 14. Qxb7 Qb6
15. Qd7 Nexc3 16. bxc3 Rf7 17. e6 Rf6 18. Ne5 Rd8 19. Qxc6 Rxe6 20. Qxb6 axb6
21. Bd2 Bf6 22. Rxf5 g6 23. Rf2 Bxe5 24. dxe5 Rxe5 25. Raf1 Ne3 26. Re1 Nc4 27.
Rxe5 Nxe5 28. Bg5 Rd3 29. Rc2 Ng4 30. Bd2 Kf7 31. h3 Nf6 32. Kf1 Ke6 33. Be1
Nd5 34. Rb2 Ke5 35. c4 Ne3+ 36. Ke2 Nxc4 37. Kxd3 Nxb2+ 38. Kc3 Nd1+ 39. Kb4
Kd6 40. Kb5 Kc7 41. Bd2 Kb7 42. Bf4 Nc3+ 43. Kc4 Ne2 44. Be3 Kc6 45. Kd3 Ng3
46. Bf4 Nh5 47. Be3 Nf6 48. Kd4 Nd7 49. Bf4 b5 50. Bg3 Nb6 51. Bf4 Nd5 52. Bd2
Nb6 53. Bg5 Nd5 54. Bd2 Nb6 55. h4 Nc4 56. Bf4 Nb2 57. Bh6 Kd6 58. Bg5 Na4 59.
Bf4+ Ke6 60. g3 Kf5 61. a3 Kg4 62. Bc7 g5 63. hxg5 Kxg5 64. Be5 Kg4 65. Bc7
1/2-1/2

[Event "2. Bundesliga Mitte 2005/2006"]
[Site "?"]
[Date "2006.03.04"]
[Round "8.6"]
[White "Woeber, Friedrich"]
[Black "Zechner, Gernot"]
[Result "0-1"]
[WhiteElo "2195"]
[BlackElo "2261"]
[PlyCount "144"]
[EventDate "2006.03.04"]
[SourceDate "2006.03.04"]

1. e4 e5 2. Nf3 Nc6 3. Bc4 Be7 4. d4 d6 5. h3 Nf6 6. Nc3 O-O 7. O-O exd4 8.
Nxd4 Nxd4 9. Qxd4 Be6 10. Be3 Nd7 11. Bxe6 fxe6 12. Qc4 Rf6 13. Bg5 Ne5 14. Qe2
Nf3+ 15. gxf3 Rg6 16. f4 Bxg5 17. f5 exf5 18. exf5 Rh6 19. f4 Bf6 20. Rf3 c6
21. Re1 Bh4 22. Rd1 Qa5 23. Ne4 Qxf5 24. Qd3 d5 25. Nc5 Qf7 26. Qb3 b6 27. Nd3
Bf6 28. Ne5 Bxe5 29. fxe5 Qg6+ 30. Kh2 Qe4 31. Re3 Qf4+ 32. Kh1 Re8 33. Rde1
Qf2 34. R3e2 Qf5 35. Re3 Rhe6 36. Qd3 Qxd3 37. cxd3 d4 38. Re4 c5 39. b4 cxb4
40. Rxd4 Rxe5 41. Rxe5 Rxe5 42. Rxb4 Re1+ 43. Kg2 Re2+ 44. Kf3 Rxa2 45. Rd4 Kf7
46. Rd7+ Kf6 47. d4 h5 48. h4 Rh2 49. Rxa7 Rxh4 50. Rb7 Rxd4 51. Rxb6+ Kg5 52.
Rb5+ Kh6 53. Kg3 Ra4 54. Kh3 Ra3+ 55. Kg2 Ra6 56. Kg3 g5 57. Rb4 Ra3+ 58. Kg2
h4 59. Kh2 Kh5 60. Kg2 Ra2+ 61. Kg1 h3 62. Kh1 g4 63. Rb3 Kh4 64. Rb4 Rf2 65.
Kg1 Re2 66. Ra4 Kg3 67. Ra3+ Kf4 68. Ra4+ Kf3 69. Ra3+ Re3 70. Ra1 g3 71. Rb1
Rd3 72. Ra1 Ke2 0-1

[Event "2. Bundesliga Mitte 2005/2006"]
[Site "?"]
[Date "2006.03.04"]
[Round "8.6"]
[White "Waldmann, Gerald"]
[Black "Winiwarter, Felix"]
[Result "1/2-1/2"]
[WhiteElo "2161"]
[BlackElo "2175"]
[PlyCount "48"]
[EventDate "2006.03.04"]
[SourceDate "2006.03.04"]

1. e4 c5 2. Nf3 Nc6 3. d4 cxd4 4. Nxd4 Nf6 5. Nc3 e5 6. Ndb5 d6 7. Bg5 a6 8.
Na3 b5 9. Nd5 Be7 10. Nxe7 Nxe7 11. Bxf6 gxf6 12. Qf3 f5 13. exf5 Bxf5 14. Bd3
Bxd3 15. Qxd3 d5 16. O-O O-O 17. Rad1 Kh8 18. c3 Qb6 19. Nc2 Rad8 20. Rfe1 f6
21. Ne3 d4 22. cxd4 Rxd4 23. Qb3 Rxd1 24. Rxd1 Qc6 1/2-1/2

[Event "2. Bundesliga Mitte 2005/2006"]
[Site "?"]
[Date "2006.03.04"]
[Round "8.6"]
[White "Enzendorfer, Alfred"]
[Black "Töfferl, Heimo"]
[Result "1-0"]
[WhiteElo "2172"]
[BlackElo "2155"]
[PlyCount "120"]
[EventDate "2006.03.04"]
[SourceDate "2006.03.04"]

1. d4 e6 2. c4 d5 3. Nf3 f5 4. Bf4 c6 5. e3 Nf6 6. Nbd2 Be7 7. Ne5 Nbd7 8. Bd3
O-O 9. O-O Nxe5 10. Bxe5 Bd7 11. Qc2 Rc8 12. Rac1 Qe8 13. cxd5 cxd5 14. Qb3
Rxc1 15. Rxc1 Bc6 16. f3 Qh5 17. a3 Nd7 18. Bg3 g5 19. Bb5 f4 20. exf4 gxf4 21.
Bf2 Rf7 22. Bxc6 bxc6 23. Qb7 Nf8 24. Qxc6 Rg7 25. Qa6 Bf6 26. Rc8 Qh3 27. Qf1
Qf5 28. Ra8 Qc2 29. Qe1 Qc6 30. Rb8 Re7 31. Nb3 e5 32. Qc3 Qd6 33. Qc8 Rg7 34.
Rb7 e4 35. Rxg7+ Bxg7 36. fxe4 dxe4 37. Qc4+ Kh8 38. Be1 Qg6 39. Qc2 Qe6 40.
Bc3 Qc4 41. Qd1 Nd7 42. h3 Nb6 43. Nc5 Qd5 44. Kh2 f3 45. Qd2 Bf8 46. Qe3 Qd6+
47. g3 Bh6 48. Qxe4 f2 49. Qe8+ Qf8 50. Qxf8+ Bxf8 51. Kg2 Nd5 52. Kxf2 Kg8 53.
Kf3 Bd6 54. Be1 Kf7 55. Ke4 Nf6+ 56. Kd3 Nh5 57. Ne4 Bc7 58. Kc4 Ke6 59. d5+
Kf5 60. d6 Bb6 1-0

[Event "2. Bundesliga Mitte 2005/2006"]
[Site "?"]
[Date "2006.03.05"]
[Round "9.1"]
[White "Haba, Petr"]
[Black "Vajda, Levente"]
[Result "1/2-1/2"]
[WhiteElo "2522"]
[BlackElo "2547"]
[PlyCount "71"]
[EventDate "2006.03.04"]
[SourceDate "2006.03.04"]

1. e4 e5 2. Nf3 Nc6 3. Bb5 a6 4. Ba4 Nf6 5. O-O Be7 6. Re1 b5 7. Bb3 O-O 8. c3
d5 9. exd5 Nxd5 10. Nxe5 Nxe5 11. Rxe5 c6 12. d4 Bd6 13. Re1 Qh4 14. g3 Qh3 15.
Be3 Bg4 16. Qd3 Rae8 17. Nd2 f5 18. f4 Kh8 19. Bxd5 cxd5 20. Qf1 Qh5 21. a4
bxa4 22. Rxa4 g5 23. Raa1 h6 24. Qf2 Re6 25. c4 Rc8 26. Rxa6 gxf4 27. Bxf4
Rxe1+ 28. Qxe1 Re8 29. Qf2 Re2 30. Rxd6 Rxf2 31. Rxh6+ Qxh6 32. Bxh6 Re2 33.
cxd5 Bh3 34. d6 Rg2+ 35. Kh1 Re2 36. Kg1 1/2-1/2

[Event "2. Bundesliga Mitte 2005/2006"]
[Site "?"]
[Date "2006.03.05"]
[Round "9.1"]
[White "Vajda, A."]
[Black "Farago, Ivan"]
[Result "1/2-1/2"]
[WhiteElo "2421"]
[BlackElo "2512"]
[PlyCount "81"]
[EventDate "2006.03.04"]
[SourceDate "2006.03.04"]

1. e4 e6 2. Qe2 c5 3. Nf3 Nc6 4. g3 g6 5. Bg2 Bg7 6. O-O Nge7 7. d3 O-O 8. Nc3
d6 9. Be3 Rb8 10. Qd2 Nd4 11. a4 b6 12. Bg5 Qd7 13. Nxd4 cxd4 14. Ne2 Bb7 15.
Bh6 e5 16. Bxg7 Kxg7 17. b4 a6 18. c3 dxc3 19. Qxc3 Rbc8 20. Qb2 Qc7 21. Rfc1
Qb8 22. d4 Kg8 23. Qd2 Rxc1+ 24. Rxc1 Rc8 25. d5 Rxc1+ 26. Qxc1 Kg7 27. h4 h6
28. Qc3 Qc8 29. Qxc8 Bxc8 30. Bf1 f5 31. f3 fxe4 32. fxe4 Ng8 33. Nc3 Kf8 34.
Kf2 Nf6 35. Be2 Ke7 36. Ke3 Kd8 37. Nd1 Bg4 38. Bxg4 Nxg4+ 39. Kf3 h5 40. Ne3
Nxe3 41. Kxe3 1/2-1/2

[Event "2. Bundesliga Mitte 2005/2006"]
[Site "?"]
[Date "2006.03.05"]
[Round "9.1"]
[White "Toefferl, Heimo"]
[Black "Dumancic, Pero"]
[Result "0-1"]
[WhiteElo "2174"]
[BlackElo "2155"]
[PlyCount "37"]
[EventDate "2006.03.04"]
[SourceDate "2006.03.04"]

1. d4 Nf6 2. c4 e6 3. Nc3 d5 4. Nf3 c6 5. Bg5 Nbd7 6. cxd5 exd5 7. e3 Bb4 8.
Qc2 Qa5 9. Bd3 O-O 10. O-O Re8 11. Bh4 Bxc3 12. bxc3 Ne4 13. c4 Nf8 14. Rab1
Be6 15. Rxb7 Nd6 16. Rbb1 dxc4 17. Be2 Bf5 18. Qd2 c3 19. Qe1 0-1

[Event "2. Bundesliga Mitte 2005/2006"]
[Site "?"]
[Date "2006.03.05"]
[Round "9.2"]
[White "Lenic, Luka"]
[Black "Baumgartner, H."]
[Result "1-0"]
[WhiteElo "2476"]
[BlackElo "2292"]
[PlyCount "67"]
[EventDate "2006.03.04"]
[SourceDate "2006.03.04"]

1. Nf3 Nf6 2. g3 b6 3. Bg2 Bb7 4. O-O e6 5. d3 d5 6. Nbd2 Nbd7 7. Re1 Bc5 8. h3
e5 9. e4 dxe4 10. Nxe4 Nxe4 11. dxe4 O-O 12. Nh4 Re8 13. Nf5 Nf8 14. Qg4 Ne6
15. c3 a5 16. Qf3 Kh8 17. Ne3 Ng5 18. Qg4 Qf6 19. h4 Ne6 20. Qh5 g6 21. Qe2 Nf4
22. gxf4 exf4 23. Ng4 Qxh4 24. Bxf4 f5 25. Be5+ Rxe5 26. Nxe5 fxe4 27. Rad1 Rf8
28. Rd4 Rf5 29. Ng4 Rh5 30. Rxe4 Bxe4 31. Qxe4 Rf5 32. Re2 Bd6 33. Qd4+ Kg8 34.
Bd5+ 1-0

[Event "2. Bundesliga Mitte 2005/2006"]
[Site "?"]
[Date "2006.03.05"]
[Round "9.2"]
[White "Rolletschek, Heinrich"]
[Black "Gostisa, Leon"]
[Result "1/2-1/2"]
[WhiteElo "2233"]
[BlackElo "2415"]
[PlyCount "93"]
[EventDate "2006.03.04"]
[SourceDate "2006.03.04"]

1. e4 c5 2. g3 Nc6 3. Bg2 g6 4. Ne2 Bg7 5. c3 e5 6. d3 Nf6 7. f4 O-O 8. O-O d5
9. fxe5 Nxe5 10. d4 cxd4 11. cxd4 Nc4 12. e5 Ng4 13. Rf3 Nh6 14. b3 Nb6 15.
Nbc3 Bg4 16. Rf2 Qd7 17. a4 Rac8 18. Qd2 Be6 19. Ba3 Rfd8 20. Nf4 a5 21. Nb5
Ra8 22. Rc1 Rdc8 23. Rff1 Rc6 24. Nd3 Nf5 25. Nc5 Qc8 26. Qf2 Nd7 27. g4 Nxc5
28. Rxc5 Ne7 29. h3 Rxc5 30. Bxc5 Qd7 31. Qd2 Nc6 32. Kh2 Rc8 33. Nd6 Rb8 34.
Nb5 Qd8 35. Bd6 Rc8 36. Nc3 Qh4 37. Nxd5 h5 38. gxh5 Qxh5 39. Nf4 Qh4 40. Nxe6
fxe6 41. Qf4 Qxf4+ 42. Rxf4 Rd8 43. h4 Nxd4 44. Kh3 Nf5 45. Bxb7 Nxd6 46. exd6
Rxd6 47. Be4 1/2-1/2

[Event "2. Bundesliga Mitte 2005/2006"]
[Site "?"]
[Date "2006.03.05"]
[Round "9.2"]
[White "Tschohl, Christof"]
[Black "Woeber, Friedrich"]
[Result "1/2-1/2"]
[WhiteElo "2142"]
[BlackElo "2195"]
[PlyCount "67"]
[EventDate "2006.03.04"]
[SourceDate "2006.03.04"]

1. e4 d5 2. exd5 Nf6 3. d4 Bg4 4. f3 Bf5 5. Bb5+ Nbd7 6. c4 e6 7. dxe6 fxe6 8.
Ne2 c6 9. Ba4 e5 10. O-O Qb6 11. c5 Qc7 12. b4 O-O-O 13. Nbc3 exd4 14. Bf4 Ne5
15. Nxd4 g5 16. Qe1 gxf4 17. Nxf5 Nd5 18. Nxd5 Rxd5 19. Bb3 Rd8 20. Rd1 Bg7 21.
Nd6+ Kb8 22. Qe4 Ng6 23. Nf7 Rxd1 24. Rxd1 Rf8 25. Ng5 Rd8 26. Rxd8+ Qxd8 27.
Ne6 Qe7 28. Nxg7 Qxg7 29. Qe8+ Kc7 30. Qf7+ Qxf7 31. Bxf7 Ne5 32. Bg8 h6 33.
Kf1 a5 34. a3 1/2-1/2

[Event "2. Bundesliga Mitte 2005/2006"]
[Site "?"]
[Date "2006.03.05"]
[Round "9.2"]
[White "Winiwarter, Felix"]
[Black "Arztmann, Wolfgang"]
[Result "1-0"]
[WhiteElo "2175"]
[BlackElo "2098"]
[PlyCount "59"]
[EventDate "2006.03.04"]
[SourceDate "2006.03.04"]

1. d4 d6 2. e4 Nf6 3. Nc3 g6 4. f4 Bg7 5. Nf3 c5 6. dxc5 Qa5 7. Bd3 Qxc5 8. Qe2
Bg4 9. Be3 Qa5 10. O-O O-O 11. h3 Bxf3 12. Qxf3 Nc6 13. Kh1 Nd7 14. Qf2 Bxc3
15. bxc3 Qxc3 16. f5 Nce5 17. Bh6 Rfe8 18. fxg6 hxg6 19. Rae1 a6 20. Be3 Rac8
21. Bd4 Qa5 22. g4 Qxa2 23. Qh4 Nc5 24. Ra1 Qe6 25. Rf2 Rf8 26. Raf1 Ncd7 27.
g5 Nc5 28. Qh6 Qa2 29. Rf4 Ncxd3 30. Rh4 1-0

[Event "2. Bundesliga Mitte 2005/2006"]
[Site "?"]
[Date "2006.03.05"]
[Round "9.2"]
[White "Reiss, Georg"]
[Black "Enzendorfer, Alfred"]
[Result "1/2-1/2"]
[WhiteElo "2097"]
[BlackElo "2172"]
[PlyCount "30"]
[EventDate "2006.03.04"]
[SourceDate "2006.03.04"]

1. d4 d5 2. Nf3 Nf6 3. c4 e6 4. Nc3 Be7 5. Bg5 dxc4 6. e3 Nbd7 7. Bxc4 O-O 8.
O-O c5 9. dxc5 Nxc5 10. b4 Nce4 11. Qxd8 Bxd8 12. Nxe4 Nxe4 13. Bxd8 Rxd8 14.
Rfd1 Bd7 15. Rd4 Nf6 1/2-1/2

[Event "2. Bundesliga Mitte 2005/2006"]
[Site "?"]
[Date "2006.03.05"]
[Round "9.3"]
[White "Neubauer, Martin"]
[Black "Bukal, Vladimir Jr"]
[Result "1-0"]
[WhiteElo "2442"]
[BlackElo "2445"]
[PlyCount "87"]
[EventDate "2006.03.04"]
[SourceDate "2006.03.04"]

1. e4 e6 2. d4 d5 3. Nc3 Nf6 4. Bg5 Bb4 5. e5 h6 6. Bd2 Bxc3 7. bxc3 Ne4 8. Qg4
Kf8 9. Bd3 Nxd2 10. Kxd2 c5 11. Nf3 c4 12. Be2 Nc6 13. h4 b5 14. a3 a5 15. h5
Rb8 16. Qf4 Qe7 17. Qe3 Rb7 18. g4 Ke8 19. Nh4 b4 20. axb4 axb4 21. Nf3 b3 22.
Rhb1 Qc7 23. Bd1 b2 24. Ra2 Qb8 25. Nh4 Ne7 26. f4 Rf8 27. Ng2 f6 28. Be2 Nc6
29. Qg3 Rff7 30. Ne3 Rb5 31. Nd1 Rfb7 32. g5 hxg5 33. fxg5 fxe5 34. h6 g6 35.
Raxb2 Rxb2 36. Rxb2 Qc7 37. Qh3 Ra7 38. Ra2 Qh7 39. Rxa7 Nxa7 40. dxe5 Nc6 41.
Bg4 Nd8 42. Qf3 Qh8 43. Qf6 Qxf6 44. gxf6 1-0

[Event "2. Bundesliga Mitte 2005/2006"]
[Site "?"]
[Date "2006.03.05"]
[Round "9.3"]
[White "Bukal, Vladimir Sr"]
[Black "Mazi, Leon"]
[Result "1/2-1/2"]
[WhiteElo "2419"]
[BlackElo "2354"]
[PlyCount "29"]
[EventDate "2006.03.04"]
[SourceDate "2006.03.04"]

1. c4 Nf6 2. Nc3 e5 3. Nf3 Nc6 4. e4 Bc5 5. Nxe5 Nxe5 6. d4 Bb4 7. dxe5 Nxe4 8.
Qd4 Nxc3 9. bxc3 Be7 10. Qg4 g6 11. Bh6 d6 12. Qe4 Qd7 13. f4 Qc6 14. Bd3 Be6
15. Qxc6+ 1/2-1/2

[Event "2. Bundesliga Mitte 2005/2006"]
[Site "?"]
[Date "2006.03.05"]
[Round "9.3"]
[White "Mitter, Gerd"]
[Black "Hebesberger, Thomas"]
[Result "1/2-1/2"]
[WhiteElo "2190"]
[BlackElo "2317"]
[PlyCount "28"]
[EventDate "2006.03.04"]
[SourceDate "2006.03.04"]

1. Nf3 c5 2. g3 g6 3. Bg2 Bg7 4. d4 cxd4 5. Nxd4 Nc6 6. Nxc6 bxc6 7. c4 Rb8 8.
Qc2 Qc7 9. O-O d6 10. Nc3 Nf6 11. e4 h5 12. c5 h4 13. cxd6 exd6 14. Bg5 Be6
1/2-1/2

[Event "2. Bundesliga Mitte 2005/2006"]
[Site "?"]
[Date "2006.03.05"]
[Round "9.4"]
[White "Shengelia, Davit"]
[Black "Horvath, Tamas"]
[Result "0-1"]
[WhiteElo "2547"]
[BlackElo "2370"]
[PlyCount "78"]
[EventDate "2006.03.04"]
[SourceDate "2006.03.04"]

1. d4 Nf6 2. c4 e6 3. Nf3 Bb4+ 4. Nbd2 b6 5. e3 Bb7 6. Bd3 O-O 7. O-O a5 8. e4
d5 9. cxd5 exd5 10. e5 Ne4 11. Qc2 Bxd2 12. Nxd2 Nc6 13. Qa4 Nb4 14. Bb5 c6 15.
Be2 Rc8 16. a3 Ba6 17. Bxa6 Nxa6 18. Nxe4 dxe4 19. Be3 b5 20. Qc2 Qd5 21. Rfc1
f6 22. Qc3 a4 23. Qa5 Nc7 24. exf6 Rxf6 25. Rc5 Qb3 26. Rac1 Qxb2 27. Rxc6 Rxc6
28. Rxc6 b4 29. Bc1 Qxd4 30. Qxa4 Rd8 31. h3 Nd5 32. Qb3 Qd3 33. Qb2 Nc3 34.
axb4 Ne2+ 35. Kh2 Qd1 36. h4 Qg1+ 37. Kh3 Qh1+ 38. Kg4 Qxg2+ 39. Kf5 Nd4+ 0-1

[Event "2. Bundesliga Mitte 2005/2006"]
[Site "?"]
[Date "2006.03.05"]
[Round "9.4"]
[White "Meszaros, Tamas"]
[Black "Stohl, Igor"]
[Result "0-1"]
[WhiteElo "2400"]
[BlackElo "2533"]
[PlyCount "66"]
[EventDate "2006.03.04"]
[SourceDate "2006.03.04"]

1. e4 c5 2. Nf3 e6 3. d4 cxd4 4. Nxd4 Nf6 5. Nc3 d6 6. Be2 a6 7. O-O Qc7 8. f4
Be7 9. Be3 O-O 10. g4 Nfd7 11. g5 Re8 12. Bd3 Bf8 13. Qh5 g6 14. Qh4 Bg7 15.
Nde2 b5 16. a3 Bb7 17. Rf3 f5 18. gxf6 Nxf6 19. Rh3 Nbd7 20. Rf1 Nc5 21. Nd4 e5
22. fxe5 Rxe5 23. Nd5 Bxd5 24. exd5 Rh5 25. Qg3 Rxh3 26. Qxh3 Re8 27. Ne6 Qd7
28. Bxc5 dxc5 29. c4 Nxd5 30. cxd5 Bd4+ 31. Kg2 Qxd5+ 32. Qf3 Qxe6 33. b4 c4
0-1

[Event "2. Bundesliga Mitte 2005/2006"]
[Site "?"]
[Date "2006.03.05"]
[Round "9.4"]
[White "Wittmann, Walter"]
[Black "Sandhu, Mario"]
[Result "1/2-1/2"]
[WhiteElo "2376"]
[BlackElo "2274"]
[PlyCount "47"]
[EventDate "2006.03.04"]
[SourceDate "2006.03.04"]

1. e4 c6 2. d4 d5 3. Nd2 dxe4 4. Nxe4 Nd7 5. Ng5 Ngf6 6. Bd3 e6 7. N1f3 Bd6 8.
Qe2 h6 9. Ne4 Nxe4 10. Qxe4 Nf6 11. Qe2 c5 12. Be3 Qc7 13. O-O-O Bd7 14. Bb5
O-O-O 15. dxc5 Bxc5 16. Bxc5 Qxc5 17. Bxd7+ Rxd7 18. Rxd7 Kxd7 19. Ne5+ Ke7 20.
f4 Rd8 21. Re1 Rd6 22. g3 Qd5 23. c4 Qd4 24. Rd1 1/2-1/2

[Event "2. Bundesliga Mitte 2005/2006"]
[Site "?"]
[Date "2006.03.05"]
[Round "9.4"]
[White "Frosch, Ronald"]
[Black "Bawart, Markus"]
[Result "1/2-1/2"]
[WhiteElo "2358"]
[BlackElo "2239"]
[PlyCount "44"]
[EventDate "2006.03.04"]
[SourceDate "2006.03.04"]

1. d4 g6 2. Nf3 Bg7 3. e3 d6 4. Be2 Nd7 5. b3 e5 6. Bb2 e4 7. Nfd2 f5 8. c4 Ne7
9. Nc3 O-O 10. Qc2 a6 11. O-O-O c5 12. d5 Ne5 13. f4 exf3 14. gxf3 f4 15. e4 g5
16. Rdg1 N7g6 17. Nd1 Kh8 18. Nf2 b5 19. Kb1 Ra7 20. cxb5 axb5 21. Bxb5 Qa5 22.
a4 h6 1/2-1/2

[Event "2. Bundesliga Mitte 2005/2006"]
[Site "?"]
[Date "2006.03.05"]
[Round "9.4"]
[White "Wilfling, Hermann"]
[Black "Hatzl, Stefan"]
[Result "1/2-1/2"]
[WhiteElo "2182"]
[BlackElo "2201"]
[PlyCount "46"]
[EventDate "2006.03.04"]
[SourceDate "2006.03.04"]

1. d4 Nf6 2. c4 e6 3. Nc3 Bb4 4. Bd2 b6 5. a3 Bxc3 6. Bxc3 d5 7. Nf3 O-O 8. e3
Nbd7 9. Bd3 Bb7 10. O-O Ne4 11. Rc1 dxc4 12. Bxc4 c5 13. Qe2 Nxc3 14. bxc3 Qe7
15. a4 e5 16. Ba6 Bxf3 17. Qxf3 exd4 18. cxd4 cxd4 19. exd4 Nf6 20. Rfd1 Rad8
21. h3 Qb4 22. Rc4 Qb2 23. Bb5 Rd6 1/2-1/2

[Event "2. Bundesliga Mitte 2005/2006"]
[Site "?"]
[Date "2006.03.05"]
[Round "9.5"]
[White "Dervishi, Erald"]
[Black "Mohr, Georg"]
[Result "1-0"]
[WhiteElo "2489"]
[BlackElo "2472"]
[PlyCount "71"]
[EventDate "2006.03.04"]
[SourceDate "2006.03.04"]

1. e4 g6 2. d4 Bg7 3. Nf3 d6 4. Nc3 Nf6 5. Be2 O-O 6. h3 c6 7. a4 a5 8. O-O Qc7
9. Re1 e5 10. Be3 Na6 11. Qd2 Nb4 12. Rad1 b6 13. Bc4 Bb7 14. Bb3 Rad8 15. Qc1
exd4 16. Bxd4 Nd7 17. Bxg7 Kxg7 18. Nd4 Rfe8 19. Qg5 f6 20. Qg3 Ne5 21. f4 Nf7
22. Ne6+ Rxe6 23. Bxe6 Nxc2 24. Re2 Nb4 25. Red2 Qe7 26. Bb3 Bc8 27. Qf2 Qc7
28. Qh4 h5 29. Bxf7 Kxf7 30. f5 d5 31. fxg6+ Kxg6 32. exd5 cxd5 33. Nxd5 Nxd5
34. Rxd5 Rxd5 35. Rxd5 Bf5 36. Qd4 1-0

[Event "2. Bundesliga Mitte 2005/2006"]
[Site "?"]
[Date "2006.03.05"]
[Round "9.5"]
[White "Horvath, Gyula"]
[Black "Horvath, Peter"]
[Result "1/2-1/2"]
[WhiteElo "2428"]
[BlackElo "2455"]
[PlyCount "40"]
[EventDate "2006.03.04"]
[SourceDate "2006.03.04"]

1. e4 c5 2. Nf3 Nc6 3. d4 cxd4 4. Nxd4 Nf6 5. Nc3 e5 6. Ndb5 d6 7. Bg5 a6 8.
Na3 b5 9. Nd5 Be7 10. Bxf6 Bxf6 11. c4 b4 12. Nc2 Rb8 13. b3 O-O 14. Be2 Bg5
15. O-O Be6 16. Qd3 a5 17. Rad1 Kh8 18. Nde3 Be7 19. Nf5 Bxf5 20. exf5 Qb6
1/2-1/2

[Event "2. Bundesliga Mitte 2005/2006"]
[Site "?"]
[Date "2006.03.05"]
[Round "9.5"]
[White "Bachler, Reinhard"]
[Black "Butunoi, Alexandru"]
[Result "1-0"]
[WhiteElo "2235"]
[BlackElo "2418"]
[PlyCount "57"]
[EventDate "2006.03.04"]
[SourceDate "2006.03.04"]

1. f4 Nf6 2. Nf3 d6 3. d3 e5 4. fxe5 dxe5 5. Nxe5 Bd6 6. Nc4 Bc5 7. Be3 Bxe3 8.
Nxe3 Qd4 9. Qc1 O-O 10. c3 Qh4+ 11. g3 Qh5 12. Ng2 g5 13. h4 h6 14. hxg5 Qxh1
15. gxf6 Bg4 16. Qf4 Qh5 17. Nd2 Nd7 18. Ne3 Be6 19. Ne4 c6 20. O-O-O Ne5 21.
Bg2 Ng6 22. Qf2 Qa5 23. Nc4 Bxc4 24. Qe3 Kh7 25. Rh1 h5 26. Nc5 h4 27. Qg5 Qxc5
28. Rxh4+ Kg8 29. Rh8+ 1-0

[Event "2. Bundesliga Mitte 2005/2006"]
[Site "?"]
[Date "2006.03.05"]
[Round "9.5"]
[White "Dietmayer Kraeutler, Marco"]
[Black "Krebs, Johann"]
[Result "0-1"]
[WhiteElo "2213"]
[BlackElo "2239"]
[PlyCount "58"]
[EventDate "2006.03.04"]
[SourceDate "2006.03.04"]

1. d4 Nf6 2. Nf3 g6 3. Bf4 Bg7 4. Nbd2 O-O 5. e4 d6 6. Bd3 Nc6 7. c3 Nh5 8. Bg5
h6 9. Be3 e5 10. Qb3 a5 11. Nc4 Re8 12. d5 Ne7 13. Nb6 cxb6 14. Bxb6 Qd7 15.
Bb5 Qg4 16. Bxe8 Qxg2 17. O-O-O Qxf3 18. Qc4 Bg4 19. Bb5 Rc8 20. Qa4 Qf4+ 21.
Be3 Bxd1 22. Rxd1 Qh4 23. Bd7 Rf8 24. c4 Qxe4 25. c5 Qxa4 26. Bxa4 dxc5 27. d6
Nf5 28. Bxc5 Rc8 29. Rd5 Nxd6 0-1

[Event "2. Bundesliga Mitte 2005/2006"]
[Site "?"]
[Date "2006.03.05"]
[Round "9.5"]
[White "Steiner, Stefan"]
[Black "Schein, Karl Heinz"]
[Result "1/2-1/2"]
[WhiteElo "2197"]
[BlackElo "2251"]
[PlyCount "38"]
[EventDate "2006.03.04"]
[SourceDate "2006.03.04"]

1. Nf3 Nf6 2. d4 e6 3. Bg5 h6 4. Bh4 b6 5. e3 Bb7 6. Bd3 d6 7. Nbd2 g5 8. Bg3
Bg7 9. c3 Nbd7 10. Qe2 O-O 11. O-O-O Nh5 12. Ne1 Nxg3 13. hxg3 Qe7 14. g4 e5
15. Qf1 Nf6 16. Bf5 c5 17. dxe5 dxe5 18. e4 Rfd8 19. Nc2 a6 1/2-1/2